| 000 | 00753nam a22002415i 4500 | ||
|---|---|---|---|
| 001 | 12010 | ||
| 003 | ES-MaACL | ||
| 005 | 20230906150223.0 | ||
| 007 | t| | ||
| 008 | 930304s1993 sp ||||0| spa j | ||
| 020 | _a84-86233-46-1 | ||
| 040 |
_aM-BN _bspa _cM-BN |
||
| 080 | _a7.033.2(560 Capadocia) | ||
| 100 | 1 |
_aLafora, Carlos. _969508 |
|
| 245 | 1 | 0 |
_aTras las huellas del arte rupestre en Capadocia (Turquía) / _cCarlos Lafora, Victoria Bastos. |
| 250 | _a[1ª ed.]. | ||
| 260 |
_aMadrid : _bTierra de Fuego, _c1993. |
||
| 300 |
_a179 p : _bil. col. y n ; _c22 cm. |
||
| 504 | _aBibliografía: p. 176-178. | ||
| 650 | 1 | 4 |
_aArte bizantino- _zCapadocia. _910170 |
| 700 | 1 |
_aBastos, Victoria. _926380 |
|
| 852 |
_aES-MaACL _jL-19331 _bR.122688 |
||
| 999 |
_c12010 _d12010 |
||